000 00860nam a2200241 i 4500
001 39287
003 ES-MaACL
005 20250804072406.0
007 t|
008 030227s1982 sp ||||1| spa d
080 _a821.133.1-23"19"
100 1 _aCamus, Albert,
_d1913-1960
_9240798
245 1 4 _aLos justos
_b: pieza en cinco actos /
_cAlbert Camus ; [traductores, Aurora Bernárdez y Guillermo de Torre ; revisión de Miguel Salabert].
260 _aMadrid :
_bAlianza,
_c[1982]
300 _a103 p. ;
_c18 cm.
490 1 _aEl libro de bolsillo. Literatura ;
_v897
700 1 _aBernárdez, Aurora.
_928270
700 1 _aTorre, Guillermo de (
_d1900-1971)
_9110740
700 1 _aSalabert, Miguel.
_9101686
830 0 3 _aEl libro de bolsillo.
_pLiteratura
_v897
_9180913
852 _aES-MaACL
_jL-3022
_bR.103960
999 _c39287
_d39287